000 00536nam a2200181Ia 4500
008 151018s9999 xx 000 0 und d
082 _bRBASDV16032
_a891.463
100 _aमृणालिनी केळकर
245 _aचक्रवाक
250 _b1
260 _bनेत्रा
_c1981
300 _a88
600 _aमृणालिनी केळकर
630 _aचक्रवाक
700 _aमृणालिनी केळकर
730 _aचक्रवाक
942 _cBOOK
999 _c1016752
_d1016749